Domeny internetowe w GeoGuessr - Statystyki

Ogólne statystyki
  • Ten quiz został rozwiązany 154 razy
  • Średni wynik to 25 z 131
Statystyki odpowiedzi
Hint Odpowiedź % Poprawnych
.ru Rosja
72%
.it Włochy
71%
.de Niemcy
66%
.no Norwegia
65%
.tr Turcja
60%
.nl Holandia
51%
.한국 Korea Południowa
49%
.pe Peru
49%
.pl Polska
49%
.fr Francja
47%
.cz Czechy
46%
.ee Estonia
46%
.uk Wielka Brytania
45%
.swiss Szwajcaria
38%
.eu Unia Europejska
38%
.kg Kirgistan
37%
.us Stany Zjednoczone
37%
.hu Węgry
37%
.gr Grecja
36%
.ph Filipiny
35%
.mn Mongolia
35%
.ro Rumunia
35%
.dk Dania
34%
.sk Słowacja
33%
.jp Japonia
31%
.nz Nowa Zelandia
31%
.at Austria
30%
.be Belgia
30%
.fi Finlandia
30%
.es Hiszpania
30%
.vn Wietnam
30%
.br Brazylia
29%
.ar Argentyna
28%
.au Australia
28%
.is Islandia
27%
.ua Ukraina
27%
.uy Urugwaj
27%
.bo Boliwia
26%
.in Indie
26%
.ng Nigeria
26%
.pt Portugalia
26%
.th Tajlandia
26%
.台灣 Tajwan
26%
.gh Ghana
25%
.lv Łotwa
25%
.mx Meksyk
25%
.hr Chorwacja
24%
.co Kolumbia
24%
.lu Luksemburg
22%
.ch Szwajcaria
22%
.jo Jordania
21%
.rs Serbia
21%
.ug Uganda
21%
.lt Litwa
20%
.bg Bułgaria
19%
.ie Irlandia
19%
.cl Chile
18%
.భారత్ Indie
18%
.se Szwecja
18%
.al Albania
17%
.ελ Grecja
17%
.ca Kanada
17%
.sn Senegal
17%
.sg Singapur
17%
.si Słowenia
17%
.do Dominikana
15%
.id Indonezja
13%
.امارات Zjednoczone Emiraty Arabskie
13%
.বাংলা Bangladesz
12%
.ഭാരതം Indie
12%
.ke Kenia
12%
.za Republika Południowej Afryki
12%
.ec Ekwador
10%
.भारत Indie
10%
.mk Macedonia Północna
10%
.sm San Marino
10%
.tw Tajwan
10%
.бг Bułgaria
9%
.tn Tunezja
9%
.bw Botswana
8%
.gt Gwatemala
8%
.ਭਾਰਤ Indie
8%
.my Malezja
8%
.мон Mongolia
8%
.ae Zjednoczone Emiraty Arabskie
8%
.ಭಾರತ Indie
7%
.ଭାରତ Indie
7%
.ভারত Indie
7%
.ලංකා Sri Lanka
7%
.இலங்கை Sri Lanka
7%
.تونس Tunezja
7%
.укр Ukraina
7%
.ad Andora
6%
.bt Bhutan
6%
.me Czarnogóra
6%
.بھارت Indie
6%
.இந்தியா Indie
6%
.la Laos
6%
.台湾 Tajwan
6%
.vi Wyspy Dziewicze
6%
.fo Wyspy Owcze
6%
.bd Bangladesz
4%
.kr Korea Południowa
4%
.мкд Macedonia Północna
4%
.срб Serbia
4%
.ไทย Tajlandia
4%
.gi Gibraltar
3%
.ls Lesotho
3%
.mg Madagaskar
3%
.pr Portoryko
3%
.рф Rosja
3%
.sz Eswatini
2%
.gl Grenlandia
2%
.gu Guam
2%
.ભારત Indie
2%
.il Izrael
2%
.je Jersey
2%
.kh Kambodża
2%
.ລາວ Laos
2%
.mt Malta
2%
.lk Sri Lanka
2%
.ею Unia Europejska (Bułgaria)
2%
.cw Curaçao
1%
.ax Finlandia (Wyspy Alandzkie)
1%
.الاردن Jordania
1%
.im Man
1%
.mp Mariany Północne
1%
.as Samoa Amerykańskie
1%
.cx Wyspa Bożego Narodzenia
1%
.مليسيا Malezja
0%
.mc Monako
0%
Nie znaleziono quizów pasujących do podanych kryteriów
Rozkład punktacji
Procent ludzi z każdym wynikiem
Percentyl według liczby udzielonych odpowiedzi
Twoja historia wyników
Nie rozwiązałeś tego quizu